All Canadian Wars - Statistics

General Stats
  • This quiz has been taken 45 times
  • The average score is 10 of 23
Answer Stats
Years War % Correct
1914-1918 WW1
95%
1939-1945 WW2
95%
2001-2014 War in Afghanistan
89%
1950-1953 Korean War
84%
2014-Present Intervention in Iraq
82%
2013-2017 Iraqi Civil War
82%
1992-1995 Bosnian War
63%
2011 1st Libyan Civil War
61%
1990-1991 Gulf War
61%
1899-1902 2nd Boer War
55%
1998-1999 Kosovo War
53%
1918-1920 Russian Civil War
45%
1992-1995 Somali Civil War
39%
1960-1963 Congo Crisis
24%
2023-Present Red Sea Crisis
24%
1869-1870 Red River Rebellion
21%
1866-1871 Fenian Raids
16%
1885 Northwest Rebellion
13%
1962-1973 Quebec Insurgency
8%
1995 Turbot War
8%
1881-1899 Mahdist War
5%
1990 Oka Crisis
5%
1870 Wolseley Expedition
5%
No matching quizzes found
Score Distribution
Percent of People with Each Score
Percentile by Number Answered
Your Score History
You have not taken this quiz